Movies Quiz

Random Movies or Cast Quiz

Spanish Genre Cinema Cast (Spaghetti Westerns) Quiz Stats

 Plays Quiz not verified by Sporcle

Score 0/300 Timer 15:00
0 Plays Today
Hint Answer % Correct
Billy the Kid (Leon Klimovsky, 1964)Aldo Sambrell
53.8%
Apache Fury (Jose Maria Eliorrieta, 1964)Aldo Sambrell
53.8%
Doomed Fort (Jose Maria Elorrieta, 1965)Aldo Sambrell
53.8%
Dollars for a Fast Gun (Joaquin Luis Romero Merchant, 1966)Aldo Sambrell
53.8%
Dynamite Jim (Alfonso Balcazar, 1966)Aldo Sambrell
53.8%
Gunfighters of Casa Grande (Roy Rowland, 1964)Aldo Sambrell
53.8%
Savage Guns (Michael Carreras, 1961)Jose Manuel Martin
50%
Magnificent Three (Joaquin Luis Romero Marchent, 1963)Fernando Sancho
46.2%
Gunfight at High Noon (Joaquin Luis Romero Marchent, 1963)Fernando Sancho
46.2%
Ride and Kill (Jose Luis Borau, 1964)Alex Nicol
46.2%
Billy the Kid (Leon Klimovsky, 1964)George Martin
46.2%
Black Angel of the Mississippi (Ramon Torrado, 1964)Fernando Sancho
46.2%
The Seven from Texas (Joaquin Luis Romero Marchent, 1964)Fernando Sancho
46.2%
Apache Fury (Jose Maria Eliorrieta, 1964)George Martin
46.2%
Tomb of the Pistolero (Amando de Ossorio, 1964)George Martin
46.2%
Five Thousand Dollars on One Ace (Alfonso Balcazar, 1965)Fernando Sancho
46.2%
Relay for a Gunman (Ramon Torrado, 1965)Alex Nicol
46.2%
Shoot to Kill (Ramon Torrado, 1965)Fernando Sancho
46.2%
Man from Canyon City (Alfonso Balcazar, 1965)Fernando Sancho
46.2%
Docs, Hands of Steel (Alfonso Balcazar, 1965)Fernando Sancho
46.2%
Four Dollars for Vengeance (Jaime Jesus Balcazar, 1966)Jose Manuel Martin
46.2%
Dynamite Jim (Alfonso Balcazar, 1966)Fernando Sancho
46.2%
Clint the Stranger (Alfonso Balcazar, 1967)George Martin
46.2%
Clint the Stranger (Alfonso Balcazar, 1967)Fernando Sancho
46.2%
Fall of the Mohicans (Mateo Cano, 1965)Jose Manuel Martin
46.2%
Fall of the Mohicans (Mateo Cano, 1965)Daniel Martin
46.2%
Gunfighters of Casa Grande (Roy Rowland, 1964)Alex Nicol
46.2%
Guns of Nevada (Ignacio F. Iquino, 1965)George Martin
46.2%
Finger on the Trigger (Sidney W. Pink, 1965)Todd Martin
46.2%
Tomb of the Pistolero (Amando de Ossorio, 1964)Todd Martin
46.2%
Canadian Wilderness (Amando de Ossorio, 1965)George Martin
46.2%
Man from Canyon City (Alfonso Balcazar, 1965)Jose Manuel Martin
46.2%
Savage Guns (Michael Carreras, 1961)Jose Nieto
40%
Savage Guns (Michael Carreras, 1961)Richard Basehart
40%
Magnificent Three (Joaquin Luis Romero Marchent, 1963)Raf Baldassarre
38.5%
Gunfight at High Noon (Joaquin Luis Romero Marchent, 1963)Gloria Milland
38.5%
Magnificent Three (Joaquin Luis Romero Marchent, 1963)Charo del Rio
38.5%
Black Angel of the Mississippi (Ramon Torrado, 1964)Charo del Rio
38.5%
The Seven from Texas (Joaquin Luis Romero Marchent, 1964)Gloria Milland
38.5%
Apache Fury (Jose Maria Eliorrieta, 1964)Jesus Puente
38.5%
Five Thousand Dollars on One Ace (Alfonso Balcazar, 1965)Robert Woods
38.5%
Five Thousand Dollars on One Ace (Alfonso Balcazar, 1965)Antonio Molino Rojo
38.5%
Seven Hours of Gunfire (Joaquin Luis Romero Marchent, 1965)Gloria Milland
38.5%
Seven Hours of Gunfire (Joaquin Luis Romero Marchent, 1965)Raf Baldassarre
38.5%
Seven Hours of Gunfire (Joaquin Luis Romero Marchent, 1965)Antonio Molino Rojo
38.5%
Hands of a Gunfighter (Rafael Romero Marchent, 1965)Gloria Milland
38.5%
Hands of a Gunfighter (Rafael Romero Marchent, 1965)Jesus Puente
38.5%
Hands of a Gunfighter (Rafael Romero Marchent, 1965)Raf Baldassarre
38.5%
Man from Canyon City (Alfonso Balcazar, 1965)Robert Woods
38.5%
Docs, Hands of Steel (Alfonso Balcazar, 1965)Gloria Milland
38.5%
Four Dollars for Vengeance (Jaime Jesus Balcazar, 1966)Robert Woods
38.5%
Four Dollars for Vengeance (Jaime Jesus Balcazar, 1966)Antonio Molino Rojo
38.5%
Dollars for a Fast Gun (Joaquin Luis Romero Merchant, 1966)Jesus Puente
38.5%
Django Does Not Forgive (Julio Buchs, 1967)Gustavo Rojo
38.5%
The Man Who Killed Billy the Kid (Julio Buchs, 1967)Peter Lee Lawrence
38.5%
The Man Who Killed Billy the Kid (Julio Buchs, 1967)Gloria Milland
38.5%
The Man Who Killed Billy the Kid (Julio Buchs, 1967)Antonio Molino Rojo
38.5%
Kitosch, the Man Who Came From the North (Jose Luis Merino, 1967)Gustavo Rojo
38.5%
Rattler Kid (Leon Klimovsky, 1967)Jesus Puente
38.5%
Two Crosses at Danger Pass (Rafael Romero Merchant, 1967) Jesus Puente
38.5%
Seven for Pancho Villa (Jose Maria Elorrieta, 1967)Gustavo Rojo
38.5%
Five Thousand Dollars on One Ace (Alfonso Balcazar, 1965)Juan Torres
38.5%
Tumba para un forajido (Jose Luis Madrid, 1965)Juan Torres
38.5%
The Seven from Texas (Joaquin Luis Romero Marchent, 1964)Jesus Puente
38.5%
The Seven from Texas (Joaquin Luis Romero Marchent, 1964)Francisco Sanz
38.5%
The Seven from Texas (Joaquin Luis Romero Marchent, 1964)Raf Baldassarre
38.5%
Sword of Zorro (Ricardo Blasco, 1963)Gloria Milland
38.5%
Behind the Mask of Zorro (Ricardo Blasco, 1964)Jesus Puente
38.5%
Son of Jesse James (Antonio del Amo, 1965)Raf Baldassarre
38.5%
Man from Canyon City (Alfonso Balcazar, 1965)Francisco Sanz
38.5%
Man from Canyon City (Alfonso Balcazar, 1965)Antonio Molino Rojo
38.5%
A Gunman Called Nebraska (Antonio Roman, 1966)Francisco Sanz
38.5%
Damned Pistols of Dallas (Jose Maria Zabalza, 1964)Jesus Puente
38.5%
Magnificent Three (Joaquin Luis Romero Marchent, 1963)Geoffrey Horne
30.8%
Magnificent Three (Joaquin Luis Romero Marchent, 1963)Paul Piaget
30.8%
Magnificent Three (Joaquin Luis Romero Marchent, 1963)Giuseppe Addobbati
30.8%
Gunfight at High Noon (Joaquin Luis Romero Marchent, 1963)Richard Harrison
30.8%
Gunfight at High Noon (Joaquin Luis Romero Marchent, 1963)Claudio Undari
30.8%
Ride and Kill (Jose Luis Borau, 1964)Antonio Casas
30.8%
Ride and Kill (Jose Luis Borau, 1964)George Rigaud
30.8%
Ride and Kill (Jose Luis Borau, 1964)Claudio Undari
30.8%
Ride and Kill (Jose Luis Borau, 1964)Giuseppe Addobbati
30.8%
Four Bullets for Joe (Agustin Navarro, 1964)Paul Piaget
30.8%
Four Bullets for Joe (Agustin Navarro, 1964)Paco Moran
30.8%
Billy the Kid (Leon Klimovsky, 1964)Jack Taylor
30.8%
Black Angel of the Mississippi (Ramon Torrado, 1964)Paul Piaget
30.8%
Black Angel of the Mississippi (Ramon Torrado, 1964)Angel del Pozo
30.8%
The Seven from Texas (Joaquin Luis Romero Marchent, 1964)Paul Piaget
30.8%
Apache Fury (Jose Maria Eliorrieta, 1964)Frank Latimore
30.8%
Apache Fury (Jose Maria Eliorrieta, 1964)Nuria Torray
30.8%
Apache Fury (Jose Maria Eliorrieta, 1964)German Cobos
30.8%
Tomb of the Pistolero (Amando de Ossorio, 1964)Mercedes Alonso
30.8%
Tomb of the Pistolero (Amando de Ossorio, 1964)Silvia Solar
30.8%
Tomb of the Pistolero (Amando de Ossorio, 1964)Jack Taylor
30.8%
Damned Pistols of Dallas (Jose Maria Zabalza, 1964)Fred Beir
30.8%
Damned Pistols of Dallas (Jose Maria Zabalza, 1964)Angel Alvarez
30.8%
Cavalry Charge (Ramon Torrado, 1965)Frank Latimore
30.8%
Cavalry Charge (Ramon Torrado, 1965)Maria Silva
30.8%
Relay for a Gunman (Ramon Torrado, 1965)Silvia Solar
30.8%
Relay for a Gunman (Ramon Torrado, 1965)Alfonso Rojas
30.8%
Hint Answer % Correct
Seven Hours of Gunfire (Joaquin Luis Romero Marchent, 1965)Alfonso Rojas
30.8%
Murieta (George Sherman, 1965)Jeffrey Hunter
30.8%
Murieta (George Sherman, 1965)Arthur Kennedy
30.8%
Murieta (George Sherman, 1965)Diana Lorys
30.8%
Murieta (George Sherman, 1965)Roberto Camardiel
30.8%
Shoot to Kill (Ramon Torrado, 1965)Frank Latimore
30.8%
Shoot to Kill (Ramon Torrado, 1965)Maria Silva
30.8%
Doomed Fort (Jose Maria Elorrieta, 1965)German Cobos
30.8%
Doomed Fort (Jose Maria Elorrieta, 1965)Mariano Vidal Molina
30.8%
Django the Condemned (Maury Dexter, 1965)Jose Nieto
30.8%
Four Dollars for Vengeance (Jaime Jesus Balcazar, 1966)Antonio Casas
30.8%
Dollars for a Fast Gun (Joaquin Luis Romero Merchant, 1966)Claudio Undari
30.8%
Seven Pistols for a Gringo (Juan Xiol, 1966)Fernando Rubio
30.8%
Five Dollars for Ringo (Ignazio F. Iquino, 1966)Fernando Rubio
30.8%
Few Dollars for Djano (Leon Klimovsky, 1966)Alfonso Rojas
30.8%
Django, a Bullet for You (Leon Klimovsky, 1967)Nuria Torray
30.8%
Django, a Bullet for You (Leon Klimovsky, 1967)Mariano Vidal Molina
30.8%
Django, a Bullet for You (Leon Klimovsky, 1967)Alfonso Rojas
30.8%
Django Does Not Forgive (Julio Buchs, 1967)Hugo Blanco
30.8%
Django Does Not Forgive (Julio Buchs, 1967)Alfonso Rojas
30.8%
Django Does Not Forgive (Julio Buchs, 1967)Nuria Torray
30.8%
Fall of the Mohicans (Mateo Cano, 1965)Jack Taylor
30.8%
Seven for Pancho Villa (Jose Maria Elorrieta, 1967)Nuria Torray
30.8%
Tumba para un forajido (Jose Luis Madrid, 1965)Miguel de la Riva
30.8%
Tumba para un forajido (Jose Luis Madrid, 1965)Fernando Rubio
30.8%
Five Thousand Dollars on One Ace (Alfonso Balcazar, 1965)Fernando Rubio
30.8%
Five Thousand Dollars on One Ace (Alfonso Balcazar, 1965)Miguel de la Riva
30.8%
The Seven from Texas (Joaquin Luis Romero Marchent, 1964)Luis Induni
30.8%
The Seven from Texas (Joaquin Luis Romero Marchent, 1964)Alfonso Rojas
30.8%
Black Angel of the Mississippi (Ramon Torrado, 1964)Tomas Blanco
30.8%
Cavalry Charge (Ramon Torrado, 1965)Diana Lorys
30.8%
Cavalry Charge (Ramon Torrado, 1965)Alfonso Rojas
30.8%
Ride and Kill (Jose Luis Borau, 1964)Luis Induni
30.8%
Billy the Kid (Leon Klimovsky, 1964)Luis Induni
30.8%
Gunfighters of Casa Grande (Roy Rowland, 1964)Mercedes Alonso
30.8%
Gunfighters of Casa Grande (Roy Rowland, 1964)Jorge Mistral
30.8%
Guns of Nevada (Ignacio F. Iquino, 1965)Fernando Rubio
30.8%
Guns of Nevada (Ignacio F. Iquino, 1965)Miguel de la Riva
30.8%
Guns of Nevada (Ignacio F. Iquino, 1965)Giuseppe Addobbati
30.8%
Tomb of the Pistolero (Amando de Ossorio, 1964)Luis Induni
30.8%
Sword of Zorro (Ricardo Blasco, 1963)Alfonso Rojas
30.8%
Sword of Zorro (Ricardo Blasco, 1963)Franco Fantasia
30.8%
Sword of Zorro (Ricardo Blasco, 1963)Giuseppe Addobbati
30.8%
Sword of Zorro (Ricardo Blasco, 1963)Juan Luis Galiardo
30.8%
Behind the Mask of Zorro (Ricardo Blasco, 1964)Maria Jose Alfonso
30.8%
Seven Hours of Gunfire (Joaquin Luis Romero Marchent, 1965)Mariano Vidal Molina
30.8%
Shoot to Kill (Ramon Torrado, 1965)Luis Induni
30.8%
Finger on the Trigger (Sidney W. Pink, 1965)Silvia Solar
30.8%
Finger on the Trigger (Sidney W. Pink, 1965)George Rigaud
30.8%
Doomed Fort (Jose Maria Elorrieta, 1965)Luis Villar
30.8%
Son of Jesse James (Antonio del Amo, 1965)Roberto Camardiel
30.8%
Son of Jesse James (Antonio del Amo, 1965)Claudio Undari
30.8%
Son of Jesse James (Antonio del Amo, 1965)Mercedes Alonso
30.8%
Son of Jesse James (Antonio del Amo, 1965)Luis Induni
30.8%
Django Does Not Forgive (Julio Buchs, 1967)Miguel de la Riva
30.8%
Tomb of the Pistolero (Amando de Ossorio, 1964)Luis Villar
30.8%
Canadian Wilderness (Amando de Ossorio, 1965)Franco Fantasia
30.8%
Canadian Wilderness (Amando de Ossorio, 1965)Diana Lorys
30.8%
Tumba para un forajido (Jose Luis Madrid, 1965)Luis Induni
30.8%
Fall of the Mohicans (Mateo Cano, 1965)Luis Induni
30.8%
Dynamite Jim (Alfonso Balcazar, 1966)Miguel de la Riva
30.8%
Dollars for a Fast Gun (Joaquin Luis Romero Merchant, 1966)Roberto Camardiel
30.8%
A Gunman Called Nebraska (Antonio Roman, 1966)Alfonso Rojas
30.8%
The Man Who Killed Billy the Kid (Julio Buchs, 1967)Alfonso Rojas
30.8%
Savage Guns (Michael Carreras, 1961)Alfonso Rojas
30%
Savage Guns (Michael Carreras, 1961)Fernando Rey
30%
Savage Guns (Michael Carreras, 1961)Don Taylor
30%
Gunfight at High Noon (Joaquin Luis Romero Marchent, 1963)Miguel Palenzuela
23.1%
Ride and Kill (Jose Luis Borau, 1964)Renzo Palmer
23.1%
Four Bullets for Joe (Agustin Navarro, 1964)Fernando Casanova
23.1%
Four Bullets for Joe (Agustin Navarro, 1964)Tullio Altamura
23.1%
Black Angel of the Mississippi (Ramon Torrado, 1964)Rene Munoz
23.1%
Black Angel of the Mississippi (Ramon Torrado, 1964)Howard Vernon
23.1%
The Seven from Texas (Joaquin Luis Romero Marchent, 1964)Robert Hundar
23.1%
Damned Pistols of Dallas (Jose Maria Zabalza, 1964)Evi Marandi
23.1%
Damned Pistols of Dallas (Jose Maria Zabalza, 1964)Olivier Mathot
23.1%
Five Thousand Dollars on One Ace (Alfonso Balcazar, 1965)Maria Sebaldt
23.1%
Five Thousand Dollars on One Ace (Alfonso Balcazar, 1965)Giacomo Rossi Stuart
23.1%
Cavalry Charge (Ramon Torrado, 1965)Alan Scott
23.1%
Relay for a Gunman (Ramon Torrado, 1965)Luis Davila
23.1%
Seven Hours of Gunfire (Joaquin Luis Romero Marchent, 1965)Adrian Hoven
23.1%
Murieta (George Sherman, 1965)Sara Lezana
23.1%
Man from Canyon City (Alfonso Balcazar, 1965)Luis Davila
23.1%
Docs, Hands of Steel (Alfonso Balcazar, 1965)Luis Davila
23.1%
Why Go On Killing? (Jose Antonio de la Lorna & Edoardo Mulargia, 1965)Anthony Steffen
23.1%
Dynamite Jim (Alfonso Balcazar, 1966)Luis Davila
23.1%
Five Dollars for Ringo (Ignazio F. Iquino, 1966)Julio Perez Tabernero
23.1%
Few Dollars for Djano (Leon Klimovsky, 1966)Anthony Steffen
23.1%
The Ugly Ones (Eugenio Martin, 1967)Mario Brega
23.1%
Django, a Bullet for You (Leon Klimovsky, 1967)James Philbrook
23.1%
Django, a Bullet for You (Leon Klimovsky, 1967)Julio Perez Tabernero
23.1%
Fall of the Mohicans (Mateo Cano, 1965)Sara Lezana
23.1%
Rattler Kid (Leon Klimovsky, 1967)Brad Harris
23.1%
Seven for Pancho Villa (Jose Maria Elorrieta, 1967)James Philbrook
23.1%
Tumba para un forajido (Jose Luis Madrid, 1965)Luis Davila
23.1%
Ride and Kill (Jose Luis Borau, 1964)Maite Blasco
23.1%
Billy the Kid (Leon Klimovsky, 1964)Alberto Dalbes
23.1%
Gunfighters of Casa Grande (Roy Rowland, 1964)Diana Lorus
23.1%
Gunfighters of Casa Grande (Roy Rowland, 1964)Steve Rowland
23.1%
Gunfighters of Casa Grande (Roy Rowland, 1964)Dick Bentley
23.1%
Hint Answer % Correct
Guns of Nevada (Ignacio F. Iquino, 1965)Angel Lombarte
23.1%
Sword of Zorro (Ricardo Blasco, 1963)Guy Stockwell
23.1%
Behind the Mask of Zorro (Ricardo Blasco, 1964)Tony Russel
23.1%
Finger on the Trigger (Sidney W. Pink, 1965)James Philbrook
23.1%
Finger on the Trigger (Sidney W. Pink, 1965)Leon Anchoriz
23.1%
Doomed Fort (Jose Maria Elorrieta, 1965)Marta May
23.1%
Son of Jesse James (Antonio del Amo, 1965)Adrian Hoven
23.1%
Tumba para un forajido (Jose Luis Madrid, 1965)Angel Lombarte
23.1%
Five Dollars for Ringo (Ignazio F. Iquino, 1966)Angel Lombarte
23.1%
Seven Hours of Gunfire (Joaquin Luis Romero Marchent, 1965)Rik Van Nutter
15.4%
Shoot to Kill (Ramon Torrado, 1965)Edmund Purdom
15.4%
Hands of a Gunfighter (Rafael Romero Marchent, 1965)Craig Hill
15.4%
Hands of a Gunfighter (Rafael Romero Marchent, 1965)Piero Lulli
15.4%
Jessy Does Not Forgive... He Kills! (Jaime Jesus Balcazar, 1965)Marianne Koch
15.4%
Man from Canyon City (Alfonso Balcazar, 1965)Renato Baldini
15.4%
Man from Canyon City (Alfonso Balcazar, 1965)Gerard Tichy
15.4%
Why Go On Killing? (Jose Antonio de la Lorna & Edoardo Mulargia, 1965)Jose Calvo
15.4%
Four Dollars for Vengeance (Jaime Jesus Balcazar, 1966)Dana Ghia
15.4%
Four Dollars for Vengeance (Jaime Jesus Balcazar, 1966)Gerard Tichy
15.4%
Dollars for a Fast Gun (Joaquin Luis Romero Merchant, 1966)Pamela Tudor
15.4%
Dollars for a Fast Gun (Joaquin Luis Romero Merchant, 1966)Jose Bodalo
15.4%
Ruthless Colt of the Gringo (Jose Luis Madrid, 1966)Germana Monteverdi Mercedes
15.4%
Who Killed Johnny R? (Jose Luis Madrid, 1966)Marianne Koch
15.4%
Seven Pistols for a Gringo (Juan Xiol, 1966)Alberto Farnese
15.4%
Seven Pistols for a Gringo (Juan Xiol, 1966)Patricia Loran
15.4%
Seven Pistols for a Gringo (Juan Xiol, 1966)Juan Manuel Simon
15.4%
Five Dollars for Ringo (Ignazio F. Iquino, 1966)Juan Manuel Simon
15.4%
Five Dollars for Ringo (Ignazio F. Iquino, 1966)Alberto Farnese
15.4%
The Ugly Ones (Eugenio Martin, 1967)Tomas Milian
15.4%
The Ugly Ones (Eugenio Martin, 1967)Richard Wyler
15.4%
Django Does Not Forgive (Julio Buchs, 1967)Armando Calvo
15.4%
Clint the Stranger (Alfonso Balcazar, 1967)Marianne Koch
15.4%
Clint the Stranger (Alfonso Balcazar, 1967)Renato Baldini
15.4%
Fall of the Mohicans (Mateo Cano, 1965)Barbara Loy
15.4%
Fall of the Mohicans (Mateo Cano, 1965)Paul Muller
15.4%
The Man Who Killed Billy the Kid (Julio Buchs, 1967)Carlos Casaravilla
15.4%
Kitosch, the Man Who Came From the North (Jose Luis Merino, 1967)George Hilton
15.4%
Kitosch, the Man Who Came From the North (Jose Luis Merino, 1967)Piero Lulli
15.4%
Rattler Kid (Leon Klimovsky, 1967)Richard Wyler
15.4%
Two Crosses at Danger Pass (Rafael Romero Merchant, 1967) Armando Calvo
15.4%
Tumba para un forajido (Jose Luis Madrid, 1965)Patricia Loran
15.4%
Cavalry Charge (Ramon Torrado, 1965)Ferdinando Bilbao
15.4%
Guns of Nevada (Ignacio F. Iquino, 1965)Adriana Ambesi
15.4%
Guns of Nevada (Ignacio F. Iquino, 1965)Katia Loritz
15.4%
Sword of Zorro (Ricardo Blasco, 1963)Antonio Prieti
15.4%
Finger on the Trigger (Sidney W. Pink, 1965)Rory Calhoun
15.4%
Django Does Not Forgive (Julio Buchs, 1967)Carlos Casaravilla
15.4%
Canadian Wilderness (Amando de Ossorio, 1965)Pamela Tudor
15.4%
Kitosch, the Man Who Came From the North (Jose Luis Merino, 1967)Enrique Avila
15.4%
Dollars for a Fast Gun (Joaquin Luis Romero Merchant, 1966)Andrea Aureli
15.4%
A Gunman Called Nebraska (Antonio Roman, 1966)Yvonne Bastien
15.4%
A Gunman Called Nebraska (Antonio Roman, 1966)Ken Clark
15.4%
A Gunman Called Nebraska (Antonio Roman, 1966)Piero Lulli
15.4%
A Gunman Called Nebraska (Antonio Roman, 1966)Howard Ross
15.4%
Two Crosses at Danger Pass (Rafael Romero Merchant, 1967) Antonio Pica
15.4%
The Man Who Killed Billy the Kid (Julio Buchs, 1967)Antonio Pica
15.4%
The Man Who Killed Billy the Kid (Julio Buchs, 1967)Enrique Avila
15.4%
Jessy Does Not Forgive... He Kills! (Jaime Jesus Balcazar, 1965)Mark Stevens
7.7%
Jessy Does Not Forgive... He Kills! (Jaime Jesus Balcazar, 1965)Mario Adorf
7.7%
Man from Canyon City (Alfonso Balcazar, 1965)Loredana Nusciak
7.7%
Docs, Hands of Steel (Alfonso Balcazar, 1965)Carl Mohner
7.7%
Docs, Hands of Steel (Alfonso Balcazar, 1965)Umberto Raho
7.7%
Django the Condemned (Maury Dexter, 1965)Elisa Montes
7.7%
Why Go On Killing? (Jose Antonio de la Lorna & Edoardo Mulargia, 1965)Ida Galli
7.7%
Django the Condemned (Maury Dexter, 1965)George Montgomery
7.7%
Four Dollars for Vengeance (Jaime Jesus Balcazar, 1966)Angelo Infanti
7.7%
Dollars for a Fast Gun (Joaquin Luis Romero Merchant, 1966)Luigi Pistilli
7.7%
Dollars for a Fast Gun (Joaquin Luis Romero Merchant, 1966)Benito Stefanelli
7.7%
Ruthless Colt of the Gringo (Jose Luis Madrid, 1966)Luigi Giuliani
7.7%
Ruthless Colt of the Gringo (Jose Luis Madrid, 1966)Marta Padovan
7.7%
Ruthless Colt of the Gringo (Jose Luis Madrid, 1966)Alberto Gadea
7.7%
Who Killed Johnny R? (Jose Luis Madrid, 1966)Lex Barker
7.7%
Who Killed Johnny R? (Jose Luis Madrid, 1966)Joachim Fuchsberger
7.7%
Seven Pistols for a Gringo (Juan Xiol, 1966)Gerard Landry
7.7%
Seven Pistols for a Gringo (Juan Xiol, 1966)Bruno Piergentili
7.7%
Five Dollars for Ringo (Ignazio F. Iquino, 1966)Miguel Gila
7.7%
Dynamite Jim (Alfonso Balcazar, 1966)Rosalba Neri
7.7%
Few Dollars for Djano (Leon Klimovsky, 1966)Frank Wolff
7.7%
Few Dollars for Djano (Leon Klimovsky, 1966)Ennio Girolami
7.7%
The Ugly Ones (Eugenio Martin, 1967)Halina Zalewska
7.7%
The Ugly Ones (Eugenio Martin, 1967)Enzo Fiermonte
7.7%
Django, a Bullet for You (Leon Klimovsky, 1967)Perla Cristal
7.7%
Django Does Not Forgive (Julio Buchs, 1967)Susana Campos
7.7%
Clint the Stranger (Alfonso Balcazar, 1967)Walter Barnes
7.7%
The Man Who Killed Billy the Kid (Julio Buchs, 1967)Fausto Tozzi
7.7%
The Man Who Killed Billy the Kid (Julio Buchs, 1967)Dyanik Zurakowska
7.7%
Kitosch, the Man Who Came From the North (Jose Luis Merino, 1967)Krista Bell
7.7%
Rattler Kid (Leon Klimovsky, 1967)Femi Benussi
7.7%
Two Crosses at Danger Pass (Rafael Romero Merchant, 1967) Pietro Martellanza
7.7%
Two Crosses at Danger Pass (Rafael Romero Merchant, 1967) Mario Novelli
7.7%
Two Crosses at Danger Pass (Rafael Romero Merchant, 1967) Dyanik Zurakowska
7.7%
Seven for Pancho Villa (Jose Maria Elorrieta, 1967)John Ericson
7.7%
Seven for Pancho Villa (Jose Maria Elorrieta, 1967)Ricardo Palacios
7.7%
Tumba para un forajido (Jose Luis Madrid, 1965)Victor Israel
7.7%
Canadian Wilderness (Amando de Ossorio, 1965)Luis Marin
7.7%
Canadian Wilderness (Amando de Ossorio, 1965)Santiago Rivero
7.7%
A Gunman Called Nebraska (Antonio Roman, 1966)Livio Lorenzon
7.7%
Rattler Kid (Leon Klimovsky, 1967)Guglielmo Spoletini
7.7%
Why Go On Killing? (Jose Antonio de la Lorna & Edoardo Mulargia, 1965)Gemma Cuervo
7.7%
Why Go On Killing? (Jose Antonio de la Lorna & Edoardo Mulargia, 1965)Ignazio Spalla
7.7%

You're not logged in!

Compare scores with friends on all Sporcle quizzes.
OR
Log In

Sporcle TV

Today on Sporcle TV


Watch our educational content, quiz creation guides, and fun videos on Sporcle TV.

Show Comments

Extras

Top Quizzes Today


Score Distribution

Your Account Isn't Verified!

In order to create a playlist on Sporcle, you need to verify the email address you used during registration. Go to your Sporcle Settings to finish the process.

Report this User

Report this user for behavior that violates our Community Guidelines.

Details: